Two-Stroke Engine Design and Development. SP-489

Gespeichert in:
Bibliographische Detailangaben
Format: Buch
Sprache:Englisch
Veröffentlicht: Warrendale : SAE International, 1991
Tags: Tag hinzufügen
Keine Tags, Fügen Sie das erste Tag hinzu!

MARC

LEADER 00000nam a22000003a 4500
001 stu31006
005 20141122061550.7
008 930219s1991----xxu-----------------eng-d
020 |a 1-56091-113-1 
040 |a STU  |b slo 
041 0 |a eng 
044 |a xxu 
080 |a 621.432.3 
245 |a Two-Stroke Engine Design and Development. SP-489 
260 |a Warrendale :  |b SAE International,  |c 1991 
300 |a 111 s 
996 |b J89548  |c J*89548  |l JJK9  |s P  |a 0  |w stu31006_0001